Shawls, wraps and scarves : 21 elegant & graceful hand-knit patterns /

Bibliographic Details
Main Author: Harding, Louisa (Author)
Corporate Author: ProQuest (Firm)
Format: eBook
Language:English
Published: Mineola, New York : Dover Publications, Inc., 2020.
Subjects:
Online Access:Connect to the full text of this electronic book

MARC

Tag First Indicator Second Indicator Subfields
LEADER 00000cam a22000001i 4500
001 in00004174613
006 m |o d |
007 cr |n|||||||||
008 200716s2020 nyua o 001 0 eng d
005 20250816204209.1
020 |a 9780486846040 (electronic bk.) 
020 |a 0486846040 (electronic bk.) 
020 |z 9780486839998 
020 |z 0486839990 
024 8 |a 99984806323 
035 |a (NhCcYBP)ebc6007011 
040 |a NhCcYBP  |c NhCcYBP  |d UtOrBLW 
050 4 |a TT825  |b .H3825 2020 
082 0 4 |a 746.43/2041  |2 23 
100 1 |a Harding, Louisa,  |e author.  |0 http://id.loc.gov/authorities/names/nr2003022624 
245 1 0 |a Shawls, wraps and scarves :  |b 21 elegant & graceful hand-knit patterns /  |c Louisa Harding. 
246 1 0 |a 21 elegant & graceful hand-knit patterns 
246 1 0 |a 21 elegant and graceful hand-knit patterns 
246 1 0 |a Twenty-one elegant & graceful hand-knit patterns 
246 1 0 |a Twenty-one elegant and graceful hand-knit patterns 
264 1 |a Mineola, New York :  |b Dover Publications, Inc.,  |c 2020. 
300 |a 1 online resource. 
336 |a text  |b txt  |2 rdacontent 
337 |a computer  |b c  |2 rdamedia 
338 |a online resource  |b cr  |2 rdacarrier 
500 |a Includes index. 
505 0 |a Shawls -- Mira -- Lark's Alvina -- Liana -- Nuala -- Evanthe -- Rosella -- Wraps -- Ariella -- Roshni -- Osprey -- Tans Ie -- Ginerva -- Raizel -- Cristana -- Scarves -- Lalita -- Olena -- Pavana -- Ashna -- Ilara -- Florie -- Dulcie -- Apolline. 
588 |a Description based on print version record. 
500 |a Electronic resource. 
650 0 |a Knitting  |v Patterns.  |0 http://id.loc.gov/authorities/subjects/sh85072708 
650 0 |a Shawls.  |0 http://id.loc.gov/authorities/subjects/sh85121174 
650 0 |a Scarves.  |0 http://id.loc.gov/authorities/subjects/sh85118031 
655 7 |a Electronic books.  |2 local 
710 2 |a ProQuest (Firm)  |0 http://id.loc.gov/authorities/names/n2007068018 
776 1 8 |c Original  |z 9780486839998  |z 0486839990  |w (DLC) 2019037898 
856 4 0 |u https://ebookcentral.proquest.com/lib/tamucs/detail.action?docID=6007011  |z Connect to the full text of this electronic book  |t 0 
955 |a YBP purchased firm e-records 
980 |b 32.92  |g 1 
987 |a ybp16610689 
999 f f |s 28c3d08d-d121-3be9-b166-ad614a1d3de9  |i e8014070-cf09-3249-9fd9-9edf4417efae  |t 0 
952 f f |a Texas A&M University  |b College Station  |c Electronic Resources  |d Available Online  |t 0  |e TT825 .H3825 2020  |h Library of Congress classification 
998 f f |a TT825 .H3825 2020  |t 0  |l Available Online